Problemas resueltos de contaminación ambiental : cuestiones y problemas resueltos

Bibliographic Details
Main Author: Orozco Berrenetxea, Carmen
Format: Section = Libro
Language:Undetermined
Spanish
Published: Madrid, España Paraninfo 2003
Subjects:
LEADER 00701nam a2200229Ia 4500
008 240829s9999 xx 000 0 und d
020 |a 978-84-9732-188-4 
040 |a BIBLIOTECA-RUSB/ 363.738 C759p 
041 |a spa 
082 |a 363.738 C759p 
100 1 |a Orozco Berrenetxea, Carmen 
245 1 0 |a Problemas resueltos de contaminación ambiental : cuestiones y problemas resueltos 
260 |a Madrid, España  |b Paraninfo  |c 2003 
300 |a 187 p. :il. 
650 7 |a CONTAMINACION AMBIENTAL 
650 7 |b  QUIMICA-MEDIO AMBIENTE 
650 7 |c  CONTAMINACION DEL AGUA 
650 7 |d  CONTAMINACION DEL AIRE 
650 7 |e  CONTAMINACION INDUSTRIAL 
942 |c BK  |2 ddc 
991 |a TEXTO 
999 |c 1078